| 000 | 01199nam a2200313 a 4500 | ||
|---|---|---|---|
| 001 | ebr10728758 | ||
| 003 | CaPaEBR | ||
| 006 | m o u | ||
| 007 | cr cn||||||||| | ||
| 008 | 130717s2004 gw a sb 000 0 eng d | ||
| 020 | _z3937202471 | ||
| 020 | _z9783110323054 | ||
| 020 | _z9783110323603 (e-book) | ||
| 040 |
_aCaPaEBR _cCaPaEBR |
||
| 035 | _a(OCoLC)853622274 | ||
| 050 | 1 | 4 |
_aK3255 _b.B74 2004eb |
| 100 | 1 | _aBremer, Manuel. | |
| 245 | 1 | 0 |
_aInformation and information flow _h[electronic resource] : _ban introduction / _cManuel Bremer, Daniel Cohnitz. |
| 260 |
_aFrankfurt : _bOntos Verlag, _c2004. |
||
| 300 |
_a243 p. : _bill. |
||
| 440 | 0 |
_aLinguistics & philosophy ; _vv. 3 |
|
| 504 | _aIncludes bibliographical references. | ||
| 533 |
_aElectronic reproduction. _bPalo Alto, Calif. : _cebrary, _d2013. _nAvailable via World Wide Web. _nAccess may be limited to ebrary affiliated libraries. |
||
| 650 | 0 | _aFreedom of information. | |
| 655 | 7 |
_aElectronic books. _2local |
|
| 700 | 1 |
_aCohnitz, Daniel, _d1974- |
|
| 710 | 2 | _aebrary, Inc. | |
| 856 | 4 | 0 |
_uhttp://site.ebrary.com/lib/rucke/Doc?id=10728758 _zAn electronic book accessible through the World Wide Web; click to view |
| 999 |
_c37331 _d37331 |
||